| 000 | 00824nam a2200217Ii 4500 | ||
|---|---|---|---|
| 003 | JO-AjNU | ||
| 008 | 230605s9999||||xx |||||||||||||| ||und|| | ||
| 017 | _a2006/11/3000 | ||
| 040 |
_aJO-AjNU _bara _erda _cJO-AjNU |
||
| 041 | _aara | ||
| 050 | 1 | 4 | _aHF5548.2.S3422.2008 |
| 100 | 3 |
_aتأليف:السالمي،علاء عبدالرزاق محمد , _eauthor _928712 |
|
| 245 | 0 | 0 | _aأتمتة المكاتب المتقدمة |
| 250 | _aط1 | ||
| 264 | 3 | 1 | _aعمان:دار وائل للنشر والتوزيع؛2008 |
| 300 |
_a396ص _bيحتوي على ببلوغرافية من ص أ-ي ص |
||
| 336 |
_atext _btxt _2rdacontent |
||
| 337 |
_aunmediated _bn _2rdamedia |
||
| 338 |
_avolume _bnc _2rdacarrier |
||
| 650 | 4 |
_aادارة الاعمال-ادارة المكاتب-تكنولوجيا المعلومات _928713 |
|
| 999 |
_aA11170 _c14738 _d14738 |
||